Educación de Adultos en el proyecto principal: estudio bibliográfico
में बचाया:
| मुख्य लेखक: | |
|---|---|
| स्वरूप: | पुस्तक |
| भाषा: | स्पेनिश |
| प्रकाशित: |
Santiago
UNESCO
1987
Santiago OREALC 1987 |
| श्रृंखला: | REDALF. Serie Bibliográfica, 2
|
| विषय: | |
| टैग: |
टैग जोड़ें
कोई टैग नहीं, इस रिकॉर्ड को टैग करने वाले पहले व्यक्ति बनें!
|
MARC
| LEADER | 00000nam a2200000 a 4500 | ||
|---|---|---|---|
| 001 | UCZ8090 | ||
| 003 | CL-VaPUC | ||
| 008 | 960112e19870000CL |||||||||||||||||spa|d | ||
| 082 | 0 | 4 | |a 374 |b SCH |2 21 |
| 100 | 0 | |a Schlaen, Nora |e author |9 353228 | |
| 245 | 1 | 0 | |a Educación de Adultos en el proyecto principal: estudio bibliográfico |
| 300 | |a 207 p | ||
| 942 | |c BK | ||
| 945 | |d 19960112 00:00:00 |a cmena | ||
| 260 | |a Santiago |b UNESCO |c 1987 | ||
| 260 | |a Santiago |b OREALC |c 1987 | ||
| 650 | 0 | |a Educación de adultos |9 307580 | |
| 650 | 7 | |a EDUCACION PERMANENTE |2 CL-VaPUC |9 316165 | |
| 650 | 0 | |a Alfabetización |9 310435 | |
| 650 | 0 | |a Planificación de la educación |9 307333 | |
| 650 | 0 | |a Currículo |9 307290 | |
| 650 | 0 | |a Aprendizaje |9 254827 | |
| 651 | 0 | |a América Latina |9 255027 | |
| 651 | 0 | |a El Caribe |9 341255 | |
| 583 | |a last modification |c 20130414 12:00:50 |k Rodrigo Vera | ||
| 490 | 0 | |a REDALF. Serie Bibliográfica, 2 | |
| 999 | |c 244050 |d 244048 | ||
| 952 | |0 0 |1 0 |4 0 |6 374_000000000000000_SCH_1987_1987 |7 0 |8 P |9 257970 |a BIBEDU |b BIBEDU |c BIBEDU_PB |d 2019-11-19 |i 161682K |o 374 SCH 1987 1987 |p 161682K |r 2024-01-25 |w 2019-11-19 |y BK |k EDU | ||